Umbrella Academy Characters (spoilers) - Statistics

General Stats
  • This quiz has been taken 200 times
  • The average score is 13 of 15
Answer Stats
Hint Answer % Correct
Obsessed with knives Diego
97%
Got stuck in the future for years Five
97%
Is part ape Luther
97%
Was in a war Klaus
95%
"I heard a rumor," Allison
94%
Dead lol Ben
94%
Doesn't think they have powers but they do Viktor
94%
Monkey butler Pogo
91%
Wears a pink mask Cha Cha
86%
Has a monocle Reginald
84%
Robot Mom
83%
Loves donuts Hazel
81%
Daughter of above Lila
81%
In charge of the Commission The Handler
72%
The Rumor's husband in Season 2 Raymond
54%
No matching quizzes found
Score Distribution
Percent of People with Each Score
Percentile by Number Answered
Your Score History
You have not taken this quiz